[Event "Friedrichroda op 18th"]
[Site "Friedrichroda"]
[Date "2014.08.13"]
[Round "1"]
[White "Gregor, Dominik"]
[Black "Haase, Reinhard"]
[Result "0-1"]
[WhiteElo "1838"]
[BlackElo "2140"]
[PlyCount "42"]
[EventDate "2014.08.13"]
[EventType "swiss"]
[EventRounds "7"]
[EventCountry "GER"]
[SourceTitle "CBM 162 Extra"]
[Source "ChessBase"]
[SourceDate "2014.10.17"]
[SourceVersion "1"]
[SourceVersionDate "2014.10.17"]
[SourceQuality "1"]

1. d4 d5 2. Nf3 c6 3. e3 Bg4 4. c4 e6 5. Qb3 Qc7 6. cxd5 exd5 7. Bd3 Bd6 8. Nbd2 Nf6 9. 0-0 Nbd7 10. Qc2 0-0 11. Bf5 Bxf5 12. Qxf5 Rae8 13. a3 Ne4 14. h3 g6 15. Qg4 Ndf6 16. Qh4 Kg7 17. Ng5 Nxg5 18. e4 Nfxe4 19. Nxe4 Nxe4 20. f3 Bh2+ 21. Kh1 Ng3+ 0-1